000 01089nas a2200349 4500
001 BR0002617
003 BR-BrBNA
005 20231205101853.0
007 ta
008 230509b bl.|||p| |||| 00| 00por d
040 _aBR-BrBNA
_bpor
_cBiblioteca Nacional de Agricultura
041 _a(Pt)
072 _aF04; F61
100 1 _aRodrigues, J.D.
100 1 _aPedras, J.F.
100 1 _aRodrigues, S.D.
100 1 _aDelachiave, M.E.A.
100 1 _aBoaro, C.S.F.
100 1 _aOno, E.O.
245 1 _aEfeitos de niveis de calcio em plantas de Stylosanthes guyanensis cv. Cook, avaliados por meio de desenvolvimento foliar e relacao entre materia seca de parte aerea e raiz
650 _aLeguminosa Forrageira
650 _aCalcio
650 _aAnalise Foliar
650 _aCrescimento
650 _aNutricao Vegetal
650 _aStilosante
650 _aNutriente Mineral
650 _aMateria Seca
773 0 _tCientifica (Brazil)
_xISSN 0100-0039
_g(1996), v. 24(2) p. 253-261
_wBR0002617
909 _a202311
_bLúcia
_c55
_dLúcia Elande
942 _2AGRIS
_n0
_cANA
999 _c164431
_d164431